| 000 | 00000nam##2200000za#4500 |
| 001 | 9.572895 |
| 003 | CaOODSP |
| 005 | 20210624183435 |
| 007 | cr ||||||||||| |
| 008 | 150406|1995||||xxc|||||o f|0| 0 eng|d |
| 040 | |aCaOODSP|beng |
| 043 | |an-cn--- |
| 086 | 1 |aSC94-62/9-1995E-PDF |
| 110 | 1 |aCanada.|bCanadian Centre for Management Development. |
| 245 | 10|aMeeting the challenge : |h[electronic resource]|bmanaging change in the nineties / |c[by] David Shepherdson. |
| 260 | |aOttawa - Ontario : |bCanadian Centre for Management Development |cApril 1995. |
| 300 | |a48p.|bfig., references |
| 490 | 1 |aManagement practices|vNo. 9 |
| 500 | |a"The English version of this study was originally published as The Conference Board of Canada Report 130-94."--p.2 of 48. The catalogue number (SC94-62/9-1995) and ISBN (0-662-61670-7) for the bilingual print edition have been incorrectly copied in this electronic publication. |
| 590 | |a12-09-Supp|b2012-03-21 |
| 690 | 07|aManagement|2gcpds |
| 710 | 2 |aConference Board of Canada. |
| 720 | 1 |aShepherdson, David |
| 775 | 08|tRelever le défi : |w(CaOODSP)9.603142 |
| 776 | 0#|tMeeting the challenge : |w(CaOODSP)9.525496 |
| 776 | 0#|tRelever le défi : |w(CaOODSP)9.525497 |
| 830 | #0|aManagement practices ;|vNo. 9|w(CaOODSP)9.506783 |
| 856 | 40|ahttp://publications.gc.ca|qPDF|s723 KB|uhttps://publications.gc.ca/collections/Collection/SC94-62-9-1995E.pdf|yNo. 9 |